| 000 | 01670nam1a2200325 i 4500 | ||
|---|---|---|---|
| 001 | RU\NLR\BIBL_A\012706682 | ||
| 005 | 20241102010749.0 | ||
| 035 | _a(NLR Aleph) 012706682 | ||
| 090 |
_a12896568 _c12896568 |
||
| 100 | _a20220214g20209999m y0rusy50 ba | ||
| 101 | 0 | _aeng | |
| 102 | _aRU | ||
| 105 | _a||||j ||||| | ||
| 181 | 0 |
_ai _baxxe |
|
| 182 | 0 | _an | |
| 200 | 1 |
_aAC circuits under steady state _dЭлектрические цепи переменного тока _eучебное пособие _fВ.С. Гун, А.А. Бабкин, А.С. Аникин, Н.Ю. Сидоренко _gМинистерство науки и высшего образования Российской Федерации, Южно-Уральский государственный университет, Кафедра "Теоретические основы электротехники" _zrus |
|
| 203 |
_aТекст _bвизуальный _cнепосредственный |
||
| 210 |
_aЧелябинск _cИздательский центр ЮУрГУ _d2020 |
||
| 215 | _d21 | ||
| 510 | 1 |
_aЭлектрические цепи переменного тока _zrus |
|
| 606 |
_aЭлектрические цепи переменного тока _jУчебные издания для высших учебных заведений _91116533 _3RU\NLR\AUTH\66441732 |
||
| 686 | 1 | _aЗ211.61я73-1 | |
| 701 | 1 |
_aGun _bV. S. _gValentina Sergeevna |
|
| 701 | 1 |
_aBakin _bA.A. _gAleksej Aleksandrovič |
|
| 701 | 1 |
_aAnikin _bA. S. |
|
| 701 | 1 |
_aSidorenko _bN. J. _gNadežda Jur'evna |
|
| 852 |
_aNLR _jИк 2022-4/18 |
||
| 942 | _cBOOK | ||